Statistics for U.S. States with a Grant County

Click here to take the quiz!

General Stats

  • This quiz has been taken 35 times
  • The average score is 12 of 15

Answer Stats

State % Correct
Kansas
88%
South Dakota
88%
Washington
84%
Wisconsin
84%
Indiana
81%
Minnesota
81%
Nebraska
81%
North Dakota
81%
Oklahoma
81%
West Virginia
81%
Kentucky
78%
Louisiana
78%
New Mexico
78%
Oregon
78%
Arkansas
72%

Score Distribution

Percentile by Number Answered

Percent of People with Each Score

Your Score History

You have not taken this quiz